| 000 | 00626nam a22002057a 4500 | ||
|---|---|---|---|
| 003 | OSt | ||
| 005 | 20140310182327.0 | ||
| 008 | 130921t xxu||||| |||| 00| 0 eng d | ||
| 020 | _a9780603553684 | ||
| 050 |
_aPZ 8 _b.F172 1994 |
||
| 082 |
_aGS 398.21 _bR47 1994 |
||
| 245 |
_aFairy tales / _cRetold by James Riordan; illus. by Hilda Offen |
||
| 260 |
_aSingapore : _bReed International Books Limited, _cc1994. |
||
| 300 |
_a94 p. : _bill.: col. ; _c31 cm. |
||
| 541 | _j1 | ||
| 562 | _e1 | ||
| 650 |
_aFairy tales _xJuvenile Literature _921307 |
||
| 650 |
_aFairy Tales _xCollections _921308 |
||
| 942 |
_2lcc _cBK-GS |
||
| 999 |
_c11914 _d11914 |
||